000 00522cam a22002174a 4500
005 20250605164325.0
008 250528s ||||||||||||||||||||||||d
035 _a22991
020 _a9780789566492
040 _aGR-AtMCL
_bgre
_dGR-AtMCL
_eAACR2
245 1 _aSYSTEMS ANALYSIS AND DESIGN
250 _a5
260 _bThomson,
_c2003
300 _a640
700 1 _aCashman Th.J
_97461
700 1 _aRosenblatt Harry J
_97226
700 1 _aShelly G.B
_97462
942 _cBK
999 _c8032
_d8032